Young budding: A better planting material (Record no. 72591)

MARC details
000 -LEADER
fixed length control field 00320nam a2200109Ia 4500
100 ## - MAIN ENTRY--AUTHOR NAME
Personal name Seneviratne Priyani
245 #0 - TITLE STATEMENT
Title Young budding: A better planting material
260 ## - PUBLICATION, DISTRIBUTION, ETC. (IMPRINT)
Name of publisher Bulletin of the Rubber Research Institute of Sri Lanka
Year of publication 1995
300 ## - PHYSICAL DESCRIPTION
Number of Pages 35-38
942 ## - ADDED ENTRY ELEMENTS (KOHA)
Koha item type Journals
Holdings
Withdrawn status Lost status Damaged status Not for loan Home library Current library Shelving location Date acquired Serial Enumeration / chronology Koha item type
      Journals RRII Library RRII Library Botany 17/12/2021 Volume 32, Issue 1 Journals